000 00870nam a22002415i 4500
001 159960
003 ES-MaACL
005 20250807063220.0
008 040915s1824 fr |||| | fre d
040 _aCAM
_bspa
_cCAM
080 _a502.51:504.5
080 _a616.9
100 1 _aMonfalcon, Jean Baptiste
_eaut
_9130055
245 1 0 _aHistoire des marais et des maladies causées par les émanations des eaux stagnantes ... /
_cpar J.B. Monfalcon
260 _aParis :
_bBéchet jeune libraire,
_c1824
_eLyon :
_f(Imp. de Durand et Perrin)
300 _aXII, 510 páginas ;
_c21 cm
650 4 _aAgua-
_xContaminación
_99694
650 7 _aEnfermedades infecciosas
_2embne
_9135986
852 _aES-MaACL
_cSPP3
_hDonativo de Mateo Seoane
_jG-15239
_xHolandesa
942 _2udc
_cMONANT
_n0
999 _c159960
_d159960